Corpus scriptorum ecclesiasticorum Latinorum: Volume 35(1888)

Saved in:  
Bibliographic Details
Corporate Authors: Princeton Theological Seminary. MitwirkendeR (Contributor) ; Kaiserl. Akademie der Wissenschaften in Wien.. MitwirkendeR (Contributor) ; Akademie der Wissenschaften in Wien.. MitwirkendeR (Contributor) ; Österreichische Akademie der Wissenschaften.. MitwirkendeR (Contributor)
Format: Electronic Article
Language:Latin
Check availability: HBZ Gateway
Interlibrary Loan:Interlibrary Loan for the Fachinformationsdienste (Specialized Information Services in Germany)
Published: Vindobonae [i.e. Vienna] Hoelder-Pichler-Tempsky 1888
In:Sonderdruck aus: Corpus scriptorum ecclesiasticorum Latinorum Volume 35(1888)
Further subjects:B Fathers of the church, Latin
B Fathers of the church
B Church History
Online Access: Volltext (kostenfrei)
Sammlungen:

MARC

LEADER 00000cam a22000002c 4500
001 1914227700
003 DE-627
005 20250205054909.0
007 cr uuu---uuuuu
008 250110s1888 xx |||||o 00| ||lat c
035 |a (DE-627)1914227700 
035 |a (DE-599)KXP1914227700 
035 |a (PRTC)corpusscriptorum352kais 
040 |a DE-627  |b ger  |c DE-627  |e rda 
041 |a lat 
050 0 |a BR 60 
084 |a 1  |2 ssgn 
245 0 0 |a Corpus scriptorum ecclesiasticorum Latinorum  |b Volume 35(1888) 
264 1 |a Vindobonae [i.e. Vienna]  |b Hoelder-Pichler-Tempsky  |c 1888 
300 |a 1 Online-Ressource (v.)  |b ill. 
336 |a Text  |b txt  |2 rdacontent 
337 |a Computermedien  |b c  |2 rdamedia 
338 |a Online-Ressource  |b cr  |2 rdacarrier 
500 |a Description based on: Vol. 90, published in 1992 
601 |a Corpus scriptorum ecclesiasticorum Latinorum 
650 0 |a Fathers of the church 
650 0 |a Fathers of the church, Latin 
655 0 |a Church History 
710 2 |a Princeton Theological Seminary  |e MitwirkendeR  |4 ctb 
710 2 |a Kaiserl. Akademie der Wissenschaften in Wien.  |e MitwirkendeR  |4 ctb 
710 2 |a Akademie der Wissenschaften in Wien.  |e MitwirkendeR  |4 ctb 
710 2 |a Österreichische Akademie der Wissenschaften.  |e MitwirkendeR  |4 ctb 
773 0 8 |i Sonderdruck aus  |t Corpus scriptorum ecclesiasticorum Latinorum  |g Volume 35(1888) 
856 4 0 |u https://commons.ptsem.edu/id/corpusscriptorum352kais  |m X:PRTC  |x Digitalisierung  |z kostenfrei  |7 0 
935 |a PRTC  |a mteo 
935 |c so 
951 |a BO 
ELC |a 1 
LOK |0 000 xxxxxcx a22 zn 4500 
LOK |0 001 4649574919 
LOK |0 003 DE-627 
LOK |0 004 1914227700 
LOK |0 005 20250110131520 
LOK |0 008 250110||||||||||||||||ger||||||| 
LOK |0 035   |a (DE-Tue135)corpusscriptorum352kais 
LOK |0 040   |a DE-Tue135  |c DE-627  |d DE-Tue135 
LOK |0 092   |o n 
LOK |0 689   |a f  |a Periodical 
LOK |0 852   |a DE-Tue135 
LOK |0 852 1  |9 00 
LOK |0 866   |x SPQUE#Theological Commons Princeton 
LOK |0 935   |a PRTC 
LOK |0 939   |a 10-01-25  |b l01 
OAS |a 1 
ORI |a SA-MARC-ixtheoa001.raw